00621cpcaa2200217 4500001001300000003000400013005001700017008004100034010001700075040002400092072001200116100002000128245003900148300001400187506002200201545003000223546003600253580005700289656004000346999001700386mm 79005175 DLC20260227111650.0790503|||||||||||| eng  amm 79005175  aDLCcDLCedacsdDLC 7aW2lcmd1 aDrake, James H.00aJames H. Drake papers,f1859-1865. a7fitems.0 aOpen to research.0 aConfederate army officer. aCollection material in English. aForms part of: Miscellaneous Manuscripts collection. 7aArmy officers, Confederate.2itoamc c41836d41836